000 00400nam a22001577a 4500
003 OSt
008 250830b |||||||| |||| 00| 0 eng d
041 _aeng
082 _a894.812301
_bVEL/UD
100 _aVellanadu, Manoj
_97794
245 _aUdalvedam /
_bഉടല്‍വേദം
260 _aKottayam :
_bD.C. Books,
_c2025.
300 _a160 p.
650 _aShort stories
_97795
942 _cBK
999 _c19483
_d19483